| 000 | 00545nam a2200169Ia 4500 | ||
|---|---|---|---|
| 999 |
_c21718 _d21718 |
||
| 003 | OSt | ||
| 005 | 20200609113510.0 | ||
| 008 | 190216s9999||||xx |||||||||||||| ||und|| | ||
| 020 | _a9788175417212 | ||
| 040 | _coclc | ||
| 082 |
_a327.54047 _bBHA/I |
||
| 100 |
_aBhatia, Rajiv K _92664 |
||
| 245 | 0 |
_aIndia And Russia Deepening The Strategic Partnership / _cRajiv K Bhatia ; Vijay Sakhuja ; Indrani Talukdar |
|
| 260 |
_bShipra, _c2014. _aDelhi: |
||
| 300 | _a142p | ||
| 942 |
_cBK _2ddc _h327.54047 _iBHA/I _k327.54047 _mBHA/I |
||